[Event "Teplice Open 2018"]
[Site "Teplice"]
[Date "2018.06.20"]
[Round "5"]
[White "Parizek, Vojtech"]
[Black "Stocek, Jiri"]
[Result "0-1"]
[WhiteElo "2242"]
[BlackElo "2570"]
[Annotator "TA"]
[PlyCount "78"]
[EventDate "2018.06.16"]
[EventType "swiss"]
[EventCountry "CZE"]
[SourceTitle "playchess.com"]
[Source "ChessBase"]
[SourceQuality "1"]

{[%evp 17,78,33,43,25,16,10,28,-8,24,-1,0,-26,-26,-31,-28,-28,-27,-35,-31,-33,-40,-37,-31,-45,-11,-6,-16,-16,-4,-43,-41,-51,-53,-137,-137,-137,-137,-137,-137,-137,-137,-137,-137,-137,-137,-137,-152,-137,-139,-185,-139,-312,-296,-308,-306,-498,-491,-497,-487,-481,-449,-509,-503]} 1. e4 c5 2. Nf3 {[%cal Bg1f3,Bf3d4,Bd4b3][%mdl 32]} Nc6 3. d4 cxd4 4. Nxd4 Nf6 5. Nc3 d6 6. Bg5 Qb6 7. Nb3 e6 8. Bxf6 gxf6 9. Qd2 a6 {LiveBook: 134 Games. B60: Sicilian: Richter-Rauzer: Unusual Black 6th moves and 6...Bd7 without 7 Qd2} 10. a4 $146 ({Predecessor:} 10. O-O-O Qc7 11. Be2 h5 12. f4 b5 13. a3 Rb8 14. Kb1 b4 15. axb4 Nxb4 16. Nb5 Qxc2+ 17. Qxc2 Nxc2 18. Nxd6+ Bxd6 19. Rxd6 {½-½ (50) Bosiocic,M (2605)-Kozul,Z (2611) Pozega 2018}) 10... Na5 11. Nxa5 Qxa5 {The position is equal.} 12. Rb1 Rg8 13. b4 (13. g3 {feels hotter.} h5 14. h4 Qe5 15. Bg2 f5 16. Kf1) 13... Qg5 14. Qxg5 (14. g3 {keeps more tension.} Qxd2+ 15. Kxd2 b6 16. Bd3 h5 17. Rhg1) 14... fxg5 15. Bd3 Bd7 16. a5 Bg7 17. Ne2 Ke7 18. Kd2 h5 19. f3 Rac8 20. c4 Be5 21. h4 gxh4 22. Rxh4 Rxg2 23. Ke3 Rh8 {Threatens to win with ...Bf6.} 24. Rbh1 Bb2 $36 {[%mdl 2048] Black has good play.} 25. Rxh5 (25. f4 $15) 25... Rxh5 $17 26. Rxh5 {[#]} Ba3 $1 27. b5 Bc5+ 28. Kd2 axb5 29. cxb5 Bb4+ 30. Ke3 Bxa5 31. f4 Bb6+ 32. Kd2 Rf2 33. Kc3 Rf3 34. Kc4 $2 (34. Kc2 $17) 34... Ba5 $19 35. Kd4 Bd2 36. f5 $2 (36. Kc4) 36... e5+ {Black is clearly winning.} 37. Kc4 {[#]} Bxb5+ $1 {[%mdl 512]} 38. Kxb5 {Bc4 is the strong threat.} Rxd3 39. Rh4 Re3 {Precision: White = 36%, Black = 77%.} 0-1

[Event "Teplice Open 2018"]
[Site "Teplice"]
[Date "2018.06.20"]
[Round "5"]
[White "Kozak, Milos"]
[Black "Repka, Christopher"]
[Result "0-1"]
[WhiteElo "2156"]
[BlackElo "2534"]
[Annotator "TA"]
[PlyCount "60"]
[EventDate "2018.06.16"]
[EventType "swiss"]
[EventCountry "CZE"]
[SourceTitle "playchess.com"]
[Source "ChessBase"]
[SourceQuality "1"]

{[%evp 28,60,0,0,10,0,37,0,-11,-95,-80,-116,-131,-120,-129,-95,-113,-136,0,-342,-388,-384,-374,-631,-626,-597,-410,-695,-698,-686,-666,-667,-629,-12833,-12378]} 1. d4 Nf6 2. c4 e6 3. g3 c5 4. d5 exd5 5. cxd5 d6 6. Nc3 g6 7. Nf3 Bg7 8. Bg2 O-O 9. O-O Re8 10. Bf4 Na6 11. Re1 {A62: Modern Benoni: Fianchetto Variation without early ...Nbd7} Ne4 (11... Bf5 12. Nh4 Bd7 13. e4 c4 14. Qd2 Nc5 15. Bxd6 Nd3 16. Nf3 Ng4 17. Re2 Qb6 18. Bf4 Qxb2 19. Qxb2 Nxb2 {0-1 (40) Navara,D (2737)-Morozevich,A (2675) Biel 2017}) 12. Nxe4 Rxe4 13. Nd2 Rxf4 14. gxf4 Bxb2 15. Rb1 {LiveBook: 4 Games} Bg7 16. e4 Nb4 17. Qb3 $146 ({Predecessor:} 17. Rxb4 cxb4 18. e5 Bf5 19. Nc4 Bf8 {0-1 (50) Khamitskiy,S (2290)-Socko,B (2613) Bialystok 2016}) 17... a5 {[%cal Ba7a5,Ba5a4,Ba4a3,Ba3a2][%mdl 32]} 18. a4 (18. Qg3 $11) 18... b5 $17 {White must now prevent ...c4.} 19. axb5 a4 20. Qc4 a3 $36 {[%mdl 2048] Black has strong initiative.} 21. e5 Bf5 22. Be4 dxe5 (22... Bd7 $17 23. Nb3 a2) 23. Qxc5 $2 {[%mdl 8192] [#]} (23. d6 $1 $11 {and White is okay.}) 23... Bxe4 $1 $19 24. Rxe4 Nxd5 25. b6 $2 (25. Ra1 Nxf4 26. Nf1) 25... a2 26. Ra1 {Black should prevent b7.} Nxb6 27. fxe5 (27. Qc2 $142 Qd5 28. fxe5 Bxe5 29. Rxe5 Qxe5 30. Rxa2 Qg5+ 31. Kf1) 27... Qg5+ {Black is clearly winning.} 28. Kh1 Qxd2 29. Qxb6 {intending Rd4.} Qd5 30. f3 Bxe5 {Precision: White = 27%, Black = 81%.} 0-1

[Event "Teplice Open 2018"]
[Site "Teplice"]
[Date "2018.06.21"]
[Round "6"]
[White "Rodshtein, Maxim"]
[Black "Vlasak, Lukas"]
[Result "1/2-1/2"]
[WhiteElo "2688"]
[BlackElo "2378"]
[Annotator "TA"]
[PlyCount "61"]
[EventDate "2018.06.16"]
[EventType "swiss"]
[EventCountry "CZE"]
[SourceTitle "playchess.com"]
[Source "ChessBase"]
[SourceQuality "1"]

{[%evp 18,61,18,20,52,0,28,18,33,20,30,18,17,8,28,28,28,26,21,27,34,25,35,8,17,20,14,12,13,9,11,9,62,10,0,8,12,0,0,0,0,0,0,0,0,0]} 1. d4 d5 {[%cal Bd7d5,Bd5c4][%mdl 32]} 2. c4 e6 3. Nf3 Nf6 4. g3 dxc4 5. Bg2 a6 6. O-O Nc6 7. e3 Bd7 8. Qe2 {E04: Open Catalan: 5 Nf3} Bd6 9. Qxc4 O-O 10. Nbd2 {LiveBook: 7 Games} (10. Rd1 Qe7 11. Nc3 b5 12. Qd3 e5 13. dxe5 Bxe5 14. e4 Bg4 15. Bg5 Qe6 {½-½ (33) Gelfand,B (2725)-Oparin,G (2616) Moscow 2016}) 10... Qe7 11. Qe2 $146 (11. Qc2 $14) ({Predecessor:} 11. b3 e5 12. Bb2 e4 13. Ng5 Bf5 14. Qe2 Nb4 15. Nc4 Nfd5 {0-1 (49) Leenhouts,K (2499)-Azarov,S (2577) Bastia 2016}) 11... Rab8 12. Nc4 e5 13. dxe5 Nxe5 14. Nfxe5 Bxe5 15. Bd2 Bb5 {[#] And now ...Bxb2! would win.} 16. a4 Bxc4 17. Qxc4 b5 18. axb5 axb5 19. Qc2 (19. Qe2 {is interesting.} b4 20. Rfb1 Rfd8 21. Be1 Nd7 22. Ra4) 19... c5 20. Rac1 c4 21. b3 Rfc8 22. bxc4 bxc4 23. Bc3 g6 24. Rfd1 Kg7 (24... Bxc3 $11 25. Qxc3 Qe6) 25. Qa4 (25. Rb1 $14) 25... Bxc3 $11 {The position is equal.} 26. Rxc3 Rb4 27. Qa5 Rb2 28. h3 Ne4 29. Bxe4 $1 Qxe4 30. Qd5 Qxd5 31. Rxd5 {Precision: White = 60%, Black = 51%.} 1/2-1/2

[Event "Teplice Open 2018"]
[Site "Teplice"]
[Date "2018.06.21"]
[Round "6"]
[White "Demchenko, Anton"]
[Black "Postny, Evgeny"]
[Result "1/2-1/2"]
[WhiteElo "2670"]
[BlackElo "2576"]
[Annotator "TA"]
[PlyCount "119"]
[EventDate "2018.06.16"]
[EventType "swiss"]
[EventCountry "CZE"]
[SourceTitle "playchess.com"]
[Source "ChessBase"]
[SourceQuality "1"]

{[%evp 14,119,17,14,15,14,17,15,16,13,17,19,8,14,14,7,55,50,31,25,37,28,29,4,0,2,2,0,7,0,0,-16,0,0,0,0,0,0,11,0,0,0,0,0,12,12,8,0,0,0,256,218,300,256,249,300,292,278,218,221,197,189,173,143,164,117,431,447,756,750,691,574,441,8,8,8,8,8,8,8,8,8,8,8,8,8,8,8,8,8,8,8,8,8,8,8,8,8,8,8,8,8,8,8,8,8,8,8]} 1. e4 c6 2. d4 d5 3. exd5 cxd5 4. Bd3 Nc6 5. c3 Nf6 6. Bf4 Bg4 7. Qb3 e5 {[%cal Be7e5,Be5f4,Bf4f3][%mdl 32] B13: Caro-Kann: Exchange Variation and Panov-Botvinnik Attack} 8. h3 {LiveBook: 3 Games} Na5 9. Qc2 exf4 10. hxg4 Nxg4 11. Qe2+ Qe7 12. Nh3 {[#]} f3 $1 $132 {[%mdl 2560] Black puts up resistance} 13. Qxe7+ (13. gxf3 Qxe2+) 13... Bxe7 14. g3 Nc4 15. Bxc4 dxc4 16. Nd2 Rc8 17. Nxf3 {[#]} Kd7 $146 ({Predecessor:} 17... h6 18. a4 Kd7 19. O-O g5 20. Rfe1 b6 21. Kg2 f6 22. Nd2 {½-½ (22) Bacrot,E (2714)-Istratescu,A (2589) Brest 2018}) 18. Ne5+ Nxe5 19. dxe5 Rc5 20. O-O-O+ Kc6 21. f4 (21. Rde1 {keeps more tension.} h6 22. Re4 b5 23. Nf4 Bg5 24. Kb1) 21... Rd5 22. Nf2 Rxd1+ 23. Kxd1 $11 {[%mdl 4096] Endgame KRB-KRN} h6 24. Ke2 Rd8 25. Rh5 Rd5 26. a4 Kd7 27. Ne4 a6 28. Nd2 b5 29. axb5 axb5 30. Ne4 Ke6 31. g4 {[%cal Bg3g4,Bg4h5][%mdl 32]} f6 $2 {[%mdl 8192]} (31... b4 $11) 32. exf6 $18 Rxh5 33. f5+ Kf7 {Threatens to win with ...Rh2+.} 34. gxh5 Bxf6 {KB-KN} 35. Nd6+ Ke7 36. Nxb5 Bg5 {intending ...Bc1.} 37. Na3 Kf6 38. Nxc4 Kxf5 39. Kf3 Bf6 $2 {[%mdl 8192]} (39... Bd8 $16 40. b4 Ke6) 40. Nd6+ Ke5 (40... Ke6 $142 41. Ne8 Bg5 42. Nxg7+ Kf6) 41. Ne8 Bg5 42. Kg4 Bc1 {[#]} 43. b4 $2 (43. b3 $1 $18 Bb2 44. c4 (44. Nxg7 Bxc3 45. Nf5 Bd2 $11)) 43... Bd2 $11 {The position is equal.} 44. b5 {[%cal Bb4b5,Bb5b6][%mdl 32]} Bxc3 45. b6 Kd5 46. b7 Be5 47. Kf5 {Nxg7 is the strong threat.} Bh2 48. Kg6 Kc6 49. Nxg7 (49. b8=Q {seems wilder.} Bxb8 50. Nxg7 Kd5 51. Kxh6 Bf4+ 52. Kh7) 49... Kxb7 50. Kxh6 Bf4+ $1 51. Kg6 Kc8 52. Ne6 Bc1 53. Ng5 {Strongly threatening h6.} Kd7 54. h6 Ke7 55. h7 Bb2 56. Ne4 Bh8 57. Ng3 Kf8 58. Nh5 Ke7 59. Ng7 Kf8 60. Nf5 {Precision: White = 61%, Black = 67%.} 1/2-1/2

[Event "Teplice Open 2018"]
[Site "Teplice"]
[Date "2018.06.21"]
[Round "6"]
[White "Movsesian, Sergei"]
[Black "Romanov, Evgeny"]
[Result "1/2-1/2"]
[WhiteElo "2633"]
[BlackElo "2628"]
[Annotator "TA"]
[PlyCount "62"]
[EventDate "2018.06.16"]
[EventType "swiss"]
[EventCountry "CZE"]
[SourceTitle "playchess.com"]
[Source "ChessBase"]
[SourceQuality "1"]

{[%evp 19,62,0,0,0,0,3,0,-14,-6,-10,-4,-12,-7,-6,22,-33,-20,-19,-12,-43,-43,-43,-43,-43,-43,-42,-41,-40,-39,-58,-36,-45,-39,-43,-38,-39,-14,-21,-23,-34,-24,-28,-19,-23,-31]} 1. e4 c5 2. Nf3 Nc6 3. d4 cxd4 4. Nxd4 Nf6 5. Nc3 d6 6. Be2 e5 7. Nb3 Be7 8. O-O O-O 9. Be3 Be6 10. Qd2 a5 {[%cal Ba7a5,Ba5a4][%mdl 32] LiveBook: 17 Games} 11. a3 {B59: Classical Sicilian: 6 Be2 e5 7 Nb3} (11. Rfd1 a4 12. Nc1 a3 13. b3 Nb4 14. Nd3 Nxd3 15. Qxd3 Qc8 16. Na4 Rxa4 17. bxa4 d5 18. exd5 Nxd5 {1-0 (29) Ma,Q (2559)-Zhou,J (2607) Xinghua 2013}) 11... a4 12. Nc1 Ra5 13. Nd3 $146 {The position is equal.} ({Predecessor:} 13. N1a2 d5 14. exd5 Nxd5 15. Nxd5 Rxd5 16. Qe1 Nd4 17. Bxd4 Rxd4 18. Nc3 Qb6 {0-1 (30) Lauran,J (1864)-Bodnar,Z (2172) Hungary 2008}) 13... d5 14. exd5 Nxd5 15. Nxd5 Rxd5 16. Bf3 Rb5 17. Bxc6 ({White should play} 17. b4 $11) 17... bxc6 $15 18. Qc3 Qa5 $36 {[%mdl 2048] Black has the initiative.} 19. Nb4 Rc8 {[%cal Re7b4]} 20. Nxc6 Qxc3 $1 21. Nxe7+ Kf8 22. bxc3 Kxe7 23. Bd2 Rb2 24. c4 Rxc4 25. Bb4+ Kf6 26. c3 Re4 27. Rfe1 Bf5 28. Rxe4 Bxe4 29. Rc1 h5 30. c4 Rb1 31. Rxb1 Bxb1 {Precision: White = 54%, Black = 46%.} 1/2-1/2

[Event "Teplice Open 2018"]
[Site "Teplice"]
[Date "2018.06.21"]
[Round "6"]
[White "Erdos, Viktor"]
[Black "Krykun, Yuriy"]
[Result "1-0"]
[WhiteElo "2620"]
[BlackElo "2338"]
[Annotator "TA"]
[PlyCount "89"]
[EventDate "2018.06.16"]
[EventType "swiss"]
[EventCountry "CZE"]
[SourceTitle "playchess.com"]
[Source "ChessBase"]
[SourceQuality "1"]

{[%evp 16,89,0,4,80,67,69,20,21,27,52,46,40,31,46,10,6,11,71,68,65,64,74,54,76,78,86,75,79,83,92,79,83,93,97,85,93,75,84,65,91,86,86,0,31,30,26,27,30,19,154,143,275,274,257,265,281,290,306,306,404,381,386,306,442,431,1104,1095,1478,1440,1478,1478,1871,1472,1512,1404]} 1. c4 c5 2. Nc3 g6 3. e3 Nf6 4. d4 cxd4 5. exd4 Bg7 6. Nf3 d5 7. Bg5 Ne4 8. cxd5 Nxg5 9. Nxg5 {LiveBook: 20 Games} e6 {B14: Caro-Kann: Panov-Botvinnik Attack with 5...e6 and 5...g6} (9... O-O $11) (9... e5 10. Nf3 exd4 11. Nxd4 O-O 12. Qd2 Nc6 13. Nc2 Ne7 14. Bc4 b5 15. Nxb5 Bxb2 16. Rb1 Be5 17. f4 {½-½ (47) Nyzhnyk,I (2612)-Gordievsky,D (2613) Las Vegas 2017}) 10. Bb5+ $146 ({Predecessor:} 10. h4 h6 11. Bb5+ Kf8 12. Nxf7 Kxf7 13. dxe6+ Bxe6 14. Qf3+ Kg8 15. Qxb7 Nd7 16. h5 gxh5 17. Qe4 {0-1 (34) Lapite,O (2067)-Astaneh Lopez,A (2417) chess.com INT 2017}) 10... Kf8 11. Qd2 {[#] aiming for Qf4.} exd5 {The position is equal.} 12. O-O {Black must now prevent Rfe1.} Bf6 13. Nf3 Kg7 14. Rac1 $36 {[%mdl 2048] White fights for an advantage.} Qd6 15. Ne2 {[%cal Bc3e2,Be2d4,Bd4b5][%mdl 32]} Bg4 16. Ne5 Bxe5 (16... h5 $1 $11 {remains equal.}) 17. dxe5 Qxe5 18. Nd4 Bd7 19. f4 {[%cal Bf2f4,Bf4f5][%mdl 32]} (19. Rfe1 $5 {[%cal Re1e5]} Qf6 20. Rc7 $16) 19... Qf6 20. f5 Bxb5 21. Nxb5 {Strongly threatening fxg6.} Qb6+ 22. Rf2 Nd7 23. Nc7 Nf6 24. Nxa8 Rxa8 25. Qc3 {Hoping for fxg6.} g5 26. Qb3 Qd4 27. Rd1 ({Much weaker is} 27. Qxb7 Re8 $15) 27... Qc5 {[#]} 28. Qc2 $1 {[%cal Rc2c5]} ({Not} 28. Qxb7 $2 Ne4 $19) 28... Qb6 29. Qb3 (29. Qc3 $16) 29... Qc5 $14 30. Qc3 (30. Qxb7 Ne4 $19) 30... Qxc3 31. bxc3 $11 {[%mdl 4096] Endgame KRR-KRN} Rc8 32. Re2 Ne4 (32... Rxc3 $11 {keeps the balance.} 33. Re7 Ra3) 33. Rxd5 $16 Nxc3 (33... Nf6 $16 34. Ra5 a6) 34. Rc2 $18 Nxd5 35. Rxc8 {KR-KN} Kf6 36. g4 a6 37. Kf2 Nb4 38. a3 {[%cal Ba2a3,Ba3a4][%mdl 32]} Nd3+ 39. Kg3 a5 (39... Kg7 $142 40. Rc7 b5) 40. Ra8 {White is clearly winning.} b5 (40... Ne5 $142 41. Rxa5 Nc4) 41. Rxa5 b4 42. a4 Ke7 43. Rd5 Nf4 44. Rb5 Ne2+ 45. Kg2 {Precision: White = 78%, Black = 35%.} 1-0

[Event "Teplice Open 2018"]
[Site "Teplice"]
[Date "2018.06.21"]
[Round "6"]
[White "Turov, Maxim"]
[Black "Oglaza, Oskar"]
[Result "1/2-1/2"]
[WhiteElo "2600"]
[BlackElo "2322"]
[Annotator "TA"]
[PlyCount "100"]
[EventDate "2018.06.16"]
[EventType "swiss"]
[EventCountry "CZE"]
[SourceTitle "playchess.com"]
[Source "ChessBase"]
[SourceQuality "1"]

{[%evp 24,100,33,54,82,70,75,64,69,47,76,0,0,0,18,30,28,20,29,29,25,20,25,41,20,22,33,19,50,60,46,46,46,33,46,0,35,35,42,52,68,38,51,48,52,32,20,30,44,0,0,0,22,0,0,0,0,0,0,0,0,0,0,0,0,0,0,0,0,0,0,0,0,0,0,0,0,0,0]} 1. d4 Nf6 2. Nf3 e6 3. c4 d5 4. Nc3 Be7 5. Qc2 O-O 6. cxd5 exd5 7. Bf4 c5 8. e3 Nc6 9. dxc5 Bxc5 10. Rd1 {D37: Queen's Gambit Declined: 5 Bf4} (10. Be2 Be6 11. O-O Rc8 12. Rad1 Be7 13. Ne5 Qa5 14. Bf3 Rfd8 15. Qe2 a6 16. Nxc6 bxc6 17. Be5 Nd7 {0-1 (57) Bindrich,F (2590)-Zhigalko,S (2671) Doha 2016}) 10... Qa5 11. a3 Ne4 12. Rxd5 Nxc3 13. bxc3 {LiveBook: 16 Games} Ne7 14. Ng5 {[%csl Gg5][%cal Rc2h7] [#]} g6 15. Rd1 {Bc4 is the strong threat.} Bf5 $146 ({Predecessor:} 15... Bg4 16. f3 Bf5 17. e4 Rae8 18. Bc4 b5 19. Bxf7+ Rxf7 20. Qb3 Nd5 21. Rxd5 {1-0 (21) Sarosi,Z (2328)-Polyak,I (2240) Hungary 2002}) 16. e4 $1 {[%cal Re4f5]} Bg4 17. Rb1 ({White should play} 17. f3 $16 h6 18. Nxf7 (18. fxg4 hxg5 19. Bxg5 Rad8 $14) 18... Kxf7 19. fxg4) 17... Bd4 $11 18. h3 Bxc3+ 19. Bd2 Bxd2+ 20. Qxd2 Qxd2+ 21. Kxd2 Rad8+ 22. Ke3 Bc8 23. Bc4 h6 24. Nxf7 Rxf7 25. Rhd1 Rxd1 26. Rxd1 Kg7 {[#] Strongly threatening ...Rf6.} 27. Bxf7 Kxf7 28. f4 h5 $1 29. Kd4 Ke6 30. g4 hxg4 31. hxg4 Kd6 32. Ke3+ {[%mdl 1024] White has compensation.} (32. f5 $5 gxf5 33. exf5 $16) 32... Kc6 33. Kf3 b5 $1 34. Kg3 a5 $1 35. Kh4 b4 $1 36. axb4 axb4 {The position is equal.} 37. Kg5 Kb5 38. f5 gxf5 39. exf5 ({Resist} 39. gxf5 $6 Nc6 $16) 39... Nxf5 40. gxf5 {[%mdl 4096] Endgame And now f6 would win. KR-KB} b3 41. f6 {Threatening mate with f7.} Be6 42. Kf4 {Black must now prevent Rc1.} Kc4 43. Ke5 Bf7 44. Rd7 b2 45. Rc7+ (45. Rb7 {is interesting.} Kc3 46. Kd6 Bb3 47. Rxb3+ Kxb3 48. f7) 45... Kd3 46. Rb7 Kc2 47. Rxb2+ Kxb2 48. Kd6 Bc4 49. Ke7 Kc3 50. f7 Bxf7 {Precision: White = 65%, Black = 78%.} 1/2-1/2

[Event "Teplice Open 2018"]
[Site "Teplice"]
[Date "2018.06.21"]
[Round "6"]
[White "Stocek, Jiri"]
[Black "Zanan, Evgeny"]
[Result "1-0"]
[WhiteElo "2570"]
[BlackElo "2497"]
[Annotator "TA"]
[PlyCount "118"]
[EventDate "2018.06.16"]
[EventType "swiss"]
[EventCountry "CZE"]
[SourceTitle "playchess.com"]
[Source "ChessBase"]
[SourceQuality "1"]

{[%evp 11,118,9,4,-13,-21,-27,17,0,10,-5,9,-8,4,0,22,12,38,14,13,0,96,12,16,0,72,68,81,70,68,72,71,56,91,56,85,85,88,73,89,68,66,47,37,33,61,63,76,81,75,45,84,71,74,74,84,46,111,111,111,111,111,111,111,111,111,98,84,84,148,140,235,229,231,233,222,239,343,356,383,377,367,326,392,390,916,965,965,822,921,920,914,833,584,584,2429,1720,29958,29961,29961,29962,29961,29957,29964,29965,29963,29960,12359,4627,29965]} 1. c4 e5 2. Nc3 Nf6 3. Nf3 Nc6 4. e3 Bb4 5. Qc2 d6 6. Ne2 {A28: English Opening: Four Knights Variation} a5 {[%cal Ba7a5,Ba5a4,Ba4a3][%mdl 32] LiveBook: 3 Games} 7. Ng3 a4 $146 ({Predecessor:} 7... h6 8. a3 Bc5 9. b3 O-O 10. Bb2 Re8 11. d3 d5 12. cxd5 Qxd5 13. Ne4 Be7 {0-1 (60) Wang,Y (2448)-Harikrishna,P (2727) China 2018}) 8. Be2 {The position is equal.} a3 9. O-O O-O 10. d4 Re8 11. h3 h6 12. Qb3 axb2 13. Bxb2 {aiming for d5.} Ba5 14. Rad1 {Hoping for dxe5.} exd4 15. Nxd4 Ne7 (15... Bb6 $11) 16. Nh5 (16. e4 $16) 16... Nxh5 $11 17. Bxh5 Nf5 (17... Ng6 $11) 18. c5 $16 Qe7 19. Nxf5 Bxf5 20. cxd6 ({Reject} 20. Qxb7 Be4 $11) 20... cxd6 21. Bf3 Ra6 22. Bd4 Be4 23. Bxe4 Qxe4 24. Rb1 Re7 25. Rfd1 d5 26. Qd3 Bc7 27. Bc5 (27. a3 {seems wilder.} Bd6 28. Bc3 Rc7 29. Bb4 Qxd3 30. Rxd3 Bxb4 31. Rxb4 Rc2 32. Rf4) 27... Qxd3 28. Rxd3 Bd6 29. Bxd6 Rxd6 {[%mdl 4096] Endgame KRR-KRR} 30. g4 g5 31. Rbd1 Red7 32. Rd4 Ra6 33. R1d2 Rc7 (33... b6 $14) 34. Rxd5 Rc1+ 35. Kg2 Ra1 36. Rf5 {Rd7 is the strong threat.} Kg7 37. Rd7 Rf6 38. Ra5 Rb1 39. Rd2 Kg6 (39... Ra1 $142 40. Rb5 Ra6 41. Rxb7 R1xa2 42. Rxa2 Rxa2) 40. Ra8 Rfb6 (40... Re6 $16 41. a4 Re7 42. Rd6+ f6) 41. Rh8 $18 Kg7 42. Rdd8 {And now Rdg8+ would win.} Rg6 43. f4 gxf4 (43... Rb2+ {might work better.} 44. Kg3 gxf4+ 45. exf4 Rxa2) 44. exf4 {[%cal Be3f4,Bf4f5][%mdl 32]} Rb2+ {[#]} 45. Kg3 $1 Rxa2 46. f5 Ra3+ {[#]} 47. Kh4 $1 Rc6 $2 (47... Rga6 48. Rdg8+ Kf6 49. Rxh6+ Ke5 50. Rxa6 bxa6) 48. Rdg8+ Kf6 49. Rxh6+ Ke5 50. Rxc6 bxc6 {KR-KR} 51. Rc8 Rc3 52. Kg5 f6+ 53. Kg6 Rxh3 54. Rxc6 Rg3 55. Rc5+ Kd6 56. Rc4 Ke5 57. Ra4 Rg1 58. Kf7 Rg2 59. Ke7 Kd5 {Precision: White = 62%, Black = 42%.} 1-0

[Event "Teplice Open 2018"]
[Site "Teplice"]
[Date "2018.06.21"]
[Round "6"]
[White "Vorobiov, Evgeny E"]
[Black "Iniyan, Panneerseluam"]
[Result "1-0"]
[WhiteElo "2553"]
[BlackElo "2460"]
[Annotator "TA"]
[PlyCount "67"]
[EventDate "2018.06.16"]
[EventType "swiss"]
[EventCountry "CZE"]
[SourceTitle "playchess.com"]
[Source "ChessBase"]
[SourceQuality "1"]

{[%evp 22,66,90,83,99,98,98,98,96,88,93,96,99,93,311,353,298,345,406,392,405,395,391,396,476,337,337,329,321,322,319,308,275,256,434,440,636,619,612,587,29989,29990,29991,808,29992,29993,29999]} 1. d4 Nf6 2. c4 g6 3. Nc3 Bg7 4. e4 d6 5. Be2 O-O 6. Be3 e5 7. d5 Na6 8. g4 {E73: King's Indian: Averbakh Variation without 6...c5} Nc5 9. f3 a5 10. h4 h5 11. g5 Nh7 12. Qd2 {LiveBook: 15 Games} (12. Kd2 Bd7 13. Nh3 c6 14. Nf2 cxd5 15. exd5 f5 16. gxf6 Nxf6 17. Bxc5 dxc5 {0-1 (37) Vallejo Pons,F (2705)-Radjabov,T (2741) Palma de Mallorca 2017}) 12... f6 13. gxf6 Bxf6 14. O-O-O $146 (14. Bxc5 dxc5 15. O-O-O Bxh4 $17) ({Predecessor:} 14. Bf2 Bd7 15. O-O-O Qe7 {½-½ (24) Badelka,O (2399)-Kovalev,V (2639) Orsha 2018}) 14... Bxh4 15. Nh3 $1 Bg3 16. Rdg1 $1 {[%cal Rg1g3][%mdl 1024] White has strong compensation.} ({Inferior is} 16. Bxc5 dxc5 17. Rdg1 h4 $17) 16... h4 17. Ng5 Nf6 $2 (17... Nxg5 $16 {might work better.} 18. Bxg5 Qxg5 19. Qxg5 Bf4+ 20. Qxf4 Rxf4) 18. Bd1 $1 $18 Nh5 {[#] aiming for ...Nf4.} 19. Ne2 $1 Rf4 20. Nxg3 hxg3 {[#]} 21. Rxh5 $1 gxh5 22. Rxg3 {Threatens to win with Ne6+.} ({Don't blunder} 22. Bxf4 $2 exf4 23. Ne6 Bxe6 $19) 22... Qf6 {intending ...Kh8.} 23. Ne6+ Rg4 24. fxg4 Nxe4 25. Rf3 Qxf3 26. Bxf3 Nxd2 27. Kxd2 ({Don't do} 27. Bxd2 $6 hxg4 28. Bxg4 Bxe6 $16) 27... Bd7 $2 (27... Bxe6 28. dxe6 hxg4 29. Bxg4 Kg7) 28. gxh5 {[%cal Bg4h5,Bh5h6,Bh6h7][%mdl 32]} c6 (28... Kf7 $142 29. Nxc7 Rc8) 29. Be4 Re8 30. Bg6 Rc8 31. h6 cxd5 32. h7+ Kh8 33. Bg5 {[%cal Rg5f6]} Bxe6 34. Bf6# {Precision: White = 98%, Black = 34%.} 1-0

[Event "Teplice Open 2018"]
[Site "Teplice"]
[Date "2018.06.21"]
[Round "6"]
[White "Repka, Christopher"]
[Black "Menezes, Christoph"]
[Result "1/2-1/2"]
[WhiteElo "2534"]
[BlackElo "2404"]
[Annotator "TA"]
[PlyCount "90"]
[EventDate "2018.06.16"]
[EventType "swiss"]
[EventCountry "CZE"]
[SourceTitle "playchess.com"]
[Source "ChessBase"]
[SourceQuality "1"]

{[%evp 18,90,14,10,28,18,34,19,23,-58,0,-6,0,24,13,0,13,0,0,-40,0,-19,19,29,19,33,20,31,20,-30,10,-38,-49,-61,-10,-45,0,0,0,16,18,0,0,0,0,0,0,0,85,79,124,134,132,58,37,10,12,4,29,28,62,0,54,0,0,0,0,0,0,0,0,0,0,0,0]} 1. e3 Nf6 2. Nf3 g6 3. d4 Bg7 4. c4 O-O 5. Be2 c5 6. d5 {E60: King's Indian: Unusual lines and Fianchetto Variation without Nc3} d6 7. O-O e6 8. Nc3 exd5 9. cxd5 Re8 10. Nd2 {LiveBook: 55 Games} Na6 11. e4 Nc7 12. a4 b6 13. Qc2 $146 {[#]} (13. Re1 $11) ({Predecessor:} 13. Re1 Rb8 14. Bb5 {1-0 (85) Aronian,L (2784)-Khairullin,I (2652) Berlin 2015}) 13... Ba6 (13... Nfxd5 $1 $15 {[%mdl 512]} 14. exd5 (14. Nxd5 Nxd5) 14... Bxc3 15. bxc3 Rxe2) 14. Nc4 Bxc4 15. Bxc4 a6 16. Bg5 Qd7 17. Qd3 Ng4 18. Qg3 h6 19. Bf4 Ne5 20. Be2 b5 21. Bd2 Nc4 22. Bxc4 bxc4 23. Bf4 Red8 (23... Bxc3 $5 24. bxc3 Rxe4 $15) 24. h4 Rab8 25. Rab1 Kh7 (25... Rb3 $15) 26. e5 {[%cal Re5d6]} dxe5 (26... Nxd5 $15 27. Nxd5 dxe5 28. Bxh6 Qxd5 29. Bxg7 Kxg7) 27. Bxe5 $11 Bxe5 28. Qxe5 Qd6 $1 {[%cal Rd6e5]} 29. Rfe1 Qxe5 30. Rxe5 Kg7 31. h5 gxh5 32. Rxh5 f6 (32... Kg6 $11 33. g4 Ne8) 33. g4 $16 Rd6 34. Kg2 Rbd8 {[%cal Rc7d5]} 35. Rbh1 (35. Rd1 $16) 35... Nxd5 $14 {[#] Strongly threatening ...Nf4+.} 36. Nxd5 Rxd5 37. Rxh6 {[%mdl 4096] Endgame KRR-KRR} Kf7 38. Rh7+ Ke6 39. Rc1 ({Better is} 39. Ra7 $14) 39... Rd4 (39... Rd1 $11 40. Rc3 (40. Rxc4 R1d4 $11) 40... R1d2) 40. Kg3 (40. f3 $14) 40... Rg8 $11 {The position is equal.} 41. f3 f5 $1 {[%cal Rf5g4]} 42. Re1+ Kd6 43. Rh6+ Kd7 $1 44. Rh7+ Kd6 45. Rh6+ Kd7 $1 {Precision: White = 40%, Black = 56%.} 1/2-1/2